| 000 | 00604nam a2200193 4500 | ||
|---|---|---|---|
| 005 | 20241205113119.0 | ||
| 010 | _aENG-142548 | ||
| 020 |
_c80.00 _a9788180643323 |
||
| 035 | _aEN-126080 | ||
| 037 | _bDBAD | ||
| 082 |
_a307.720954 _21 |
||
| 100 |
_aMoji, Anup _974717 |
||
| 245 |
_aPanchayati Raj Institution's in West Bengal: _bEvolution, Framework, Governance and Finance _cby Anup Maji |
||
| 250 | _aFirst | ||
| 260 |
_aKolkata _bProgressive Publishers _c 2020 |
||
| 270 |
_a37A, College Street _bKolkata _e700073 |
||
| 300 |
_a83p. _c22m(hb) |
||
| 942 |
_2ddc _cEN _h307.720954 _mMAJ |
||
| 999 |
_c207422 _d207422 |
||